[Event "Titled Tuesday intern op 28th Dec"]
[Site "Chess.com INT"]
[Date "2021.12.28"]
[Round "11"]
[White "Elgersma, Onno"]
[Black "Farmani Anosheh, Armin"]
[Result "1-0"]
[WhiteElo "2282"]
[BlackElo "2345"]
[PlyCount "77"]
[EventDate "2021.12.28"]
[EventType "swiss (blitz)"]
[EventRounds "11"]
[EventCountry "USA"]
[SourceTitle "CBM 206 Extra"]
[Source "ChessBase"]
[SourceDate "2022.03.31"]
[SourceVersion "1"]
[SourceVersionDate "2022.03.31"]
[SourceQuality "1"]

1. e4 c5 2. Nf3 Nc6 3. Bb5 g6 4. O-O Bg7 5. Re1 e5 6. Bxc6 bxc6 7. c3 Ne7 8. d4 cxd4 9. cxd4 exd4 10. Nxd4 O-O 11. Nc3 d5 12. exd5 cxd5 13. Bg5 f6 14. Be3 Kh8 15. Qd2 g5 16. Rad1 Bd7 17. Nb3 Bc6 18. Bc5 Rf7 19. Nd4 Bd7 20. Ne6 Bxe6 21. Rxe6 Qd7 22. Rxe7 Rxe7 23. Bxe7 Qxe7 24. Nxd5 Qf7 25. b4 Rd8 26. a4 f5 27. b5 h6 28. a5 f4 29. b6 axb6 30. axb6 f3 31. g3 Qe6 32. Qd3 Rf8 33. b7 Qh3 34. Qf1 Qf5 35. Ne3 Qe4 36. Qd3 Qxb7 37. Qg6 Qc8 38. g4 Qc7 39. h3 1-0

[Event "Titled Tuesday intern op 28th Dec"]
[Site "Chess.com INT"]
[Date "2021.12.28"]
[Round "11"]
[White "Gabrielian, Artur"]
[Black "Grinev, Valeriy"]
[Result "0-1"]
[WhiteElo "2464"]
[BlackElo "2425"]
[PlyCount "86"]
[EventDate "2021.12.28"]
[EventType "swiss (blitz)"]
[EventRounds "11"]
[EventCountry "USA"]
[SourceTitle "CBM 206 Extra"]
[Source "ChessBase"]
[SourceDate "2022.03.31"]
[SourceVersion "1"]
[SourceVersionDate "2022.03.31"]
[SourceQuality "1"]

1. d4 d5 2. Nf3 Nf6 3. Bf4 c5 4. e3 Nc6 5. Nbd2 Bg4 6. c3 e6 7. h3 Bxf3 8. Nxf3 Bd6 9. Bg5 O-O 10. Bd3 Be7 11. O-O Rc8 12. Re1 Qb6 13. Rb1 h6 14. Bh4 Rfd8 15. a3 Ne4 16. Bxe7 Nxe7 17. Bxe4 dxe4 18. Nd2 f5 19. Nc4 Qc7 20. Ne5 Nc6 21. Ng6 Qf7 22. Qh5 cxd4 23. cxd4 e5 24. Rbc1 Rd6 25. d5 Rxg6 26. Qd1 Rd6 27. Rc5 Rcd8 28. Qa4 Rxd5 29. Rcc1 Rd2 30. b4 f4 31. Rf1 f3 32. g3 Qf5 33. Kh2 Re2 34. b5 Rdd2 35. Qc4+ Kh7 36. g4 Rxf2+ 37. Rxf2 Rxf2+ 38. Kg1 Rg2+ 39. Kf1 Rxg4 40. hxg4 Qxg4 41. Rc2 Ne7 42. Qf7 Nf5 43. Qe6 Nxe3+ 0-1

[Event "Titled Tuesday intern op 28th Dec"]
[Site "Chess.com INT"]
[Date "2021.12.28"]
[Round "11"]
[White "Goncharov, Vladimir"]
[Black "Nguyen, Hong Nhung"]
[Result "1-0"]
[WhiteElo "2077"]
[BlackElo "1697"]
[PlyCount "87"]
[EventDate "2021.12.28"]
[EventType "swiss (blitz)"]
[EventRounds "11"]
[EventCountry "USA"]
[SourceTitle "CBM 206 Extra"]
[Source "ChessBase"]
[SourceDate "2022.03.31"]
[SourceVersion "1"]
[SourceVersionDate "2022.03.31"]
[SourceQuality "1"]

1. e4 c5 2. Nf3 e6 3. d4 cxd4 4. Nxd4 Nc6 5. Nc3 Qc7 6. Ndb5 Qb8 7. Be3 Nf6 8. Qd2 Bb4 9. f3 a6 10. Nd4 Qc7 11. a3 Be7 12. g4 b5 13. g5 Nh5 14. O-O-O b4 15. axb4 Bxb4 16. Be2 Nxd4 17. Bxd4 O-O 18. Qe3 Nf4 19. Na2 Nxe2+ 20. Qxe2 Bd6 21. Kb1 Bb7 22. c4 Rfc8 23. Rc1 Bf4 24. Rc2 Bc6 25. h4 Ba4 26. Rc3 Rab8 27. e5 Bb3 28. Qe4 Qa5 29. Rxb3 Rxb3 30. Qxf4 Rxc4 31. g6 hxg6 32. h5 g5 33. Qxg5 Rxd4 34. h6 Rxb2+ 35. Kxb2 Rd2+ 36. Kc1 Rc2+ 37. Kxc2 Qxa2+ 38. Kd1 Qb1+ 39. Ke2 Qc2+ 40. Kf1 Qd1+ 41. Kg2 Qe2+ 42. Kg3 g6 43. h7+ Kh8 44. Qf6# 1-0

[Event "Titled Tuesday intern op 28th Dec"]
[Site "Chess.com INT"]
[Date "2021.12.28"]
[Round "11"]
[White "Gracia Alvarez, Gerardo Antonio"]
[Black "Berezin, Viktor1"]
[Result "0-1"]
[WhiteElo "2237"]
[BlackElo "2307"]
[PlyCount "152"]
[EventDate "2021.12.28"]
[EventType "swiss (blitz)"]
[EventRounds "11"]
[EventCountry "USA"]
[SourceTitle "CBM 206 Extra"]
[Source "ChessBase"]
[SourceDate "2022.03.31"]
[SourceVersion "1"]
[SourceVersionDate "2022.03.31"]
[SourceQuality "1"]

1. e4 d5 2. exd5 Nf6 3. d4 Bg4 4. Be2 Bxe2 5. Nxe2 Qxd5 6. O-O e6 7. b3 Bd6 8. c4 Qh5 9. Ng3 Qxd1 10. Rxd1 h5 11. Nc3 h4 12. Nge4 Nxe4 13. Nxe4 Nd7 14. Nxd6+ cxd6 15. Ba3 Ke7 16. c5 Nf6 17. cxd6+ Kd7 18. Rac1 Rac8 19. f3 h3 20. g4 Nd5 21. Rxc8 Rxc8 22. Rc1 Rxc1+ 23. Bxc1 Nc3 24. Kf2 Kxd6 25. Bd2 Nb5 26. Be3 Kd5 27. Kg3 Nc3 28. Kxh3 Nxa2 29. Kg3 Nb4 30. h4 Nc2 31. Kf4 Ne1 32. Kg5 Ng2 33. Bf2 b5 34. b4 Kc4 35. f4 Kxb4 36. f5 a5 37. fxe6 fxe6 38. h5 a4 39. d5 exd5 40. Bd4 Ne1 41. Bxg7 a3 42. h6 Nf3+ 43. Kf4 Nh4 44. Kg5 d4 45. Kxh4 Kc4 46. h7 a2 47. h8=Q a1=Q 48. Qc8+ Kb4 49. Qf5 Qh1+ 50. Kg5 Qc1+ 51. Qf4 Qc5+ 52. Qf5 Qe7+ 53. Kg6 Qd6+ 54. Qf6 Qxf6+ 55. Bxf6 d3 56. Bg5 Kc3 57. Kf5 b4 58. Bf6+ Kc2 59. Bg5 b3 60. Bf4 b2 61. g5 b1=Q 62. g6 Qb5+ 63. Kf6 Qc6+ 64. Kf7 Qe4 65. Bg5 Qf5+ 66. Bf6 Qd7+ 67. Be7 d2 68. g7 Qf5+ 69. Bf6 Qd5+ 70. Kf8 d1=Q 71. g8=Q Qxg8+ 72. Kxg8 Qf3 73. Kf7 Kd3 74. Ke7 Ke4 75. Bg7 Kf5 76. Bd4 Qe4+ 0-1

[Event "Titled Tuesday intern op 28th Dec"]
[Site "Chess.com INT"]
[Date "2021.12.28"]
[Round "11"]
[White "Gubanov, Oleg"]
[Black "Aradhya, Garg"]
[Result "0-1"]
[WhiteElo "2258"]
[BlackElo "2236"]
[PlyCount "54"]
[EventDate "2021.12.28"]
[EventType "swiss (blitz)"]
[EventRounds "11"]
[EventCountry "USA"]
[SourceTitle "CBM 206 Extra"]
[Source "ChessBase"]
[SourceDate "2022.03.31"]
[SourceVersion "1"]
[SourceVersionDate "2022.03.31"]
[SourceQuality "1"]

1. e4 e5 2. Nf3 Nc6 3. Bb5 Nf6 4. d3 d6 5. h3 Be7 6. O-O O-O 7. Bg5 h6 8. Bh4 Be6 9. Re1 Rb8 10. Nc3 Nd4 11. Nxd4 exd4 12. Ne2 a6 13. Ba4 c5 14. Bb3 Nd7 15. Bxe7 Qxe7 16. Nf4 Ne5 17. Nd5 Qh4 18. f4 Bxd5 19. Bxd5 Qxf4 20. Rf1 Qg3 21. Rf5 g6 22. Rf6 Kg7 23. Qf1 b5 24. Re1 c4 25. Rxd6 cxd3 26. Qf6+ Kh7 27. Rf1 dxc2 0-1

[Event "Titled Tuesday intern op 28th Dec"]
[Site "Chess.com INT"]
[Date "2021.12.28"]
[Round "11"]
[White "Guz, Ari"]
[Black "Deac, Bogdan Daniel"]
[Result "1-0"]
[WhiteElo "2310"]
[BlackElo "2679"]
[PlyCount "83"]
[EventDate "2021.12.28"]
[EventType "swiss (blitz)"]
[EventRounds "11"]
[EventCountry "USA"]
[SourceTitle "CBM 206 Extra"]
[Source "ChessBase"]
[SourceDate "2022.03.31"]
[SourceVersion "1"]
[SourceVersionDate "2022.03.31"]
[SourceQuality "1"]

1. e4 c5 2. Nf3 a6 3. c3 d5 4. exd5 Qxd5 5. d4 Nf6 6. Be3 cxd4 7. cxd4 e6 8. Nc3 Qd6 9. Bd3 Nc6 10. O-O Be7 11. a3 O-O 12. Rc1 Bd7 13. Bb1 Rfd8 14. Qd3 g6 15. Rfd1 Be8 16. Qd2 Nd5 17. Ne4 Qc7 18. Bg5 Rac8 19. Bxe7 Qxe7 20. Qh6 f6 21. Ba2 b6 22. Re1 Qg7 23. Qh4 g5 24. Qg3 h5 25. Nd6 h4 26. Nxe8 hxg3 27. Nxg7 gxf2+ 28. Kxf2 Kxg7 29. Rxe6 Nce7 30. Rce1 Rc2+ 31. R6e2 Rxe2+ 32. Rxe2 Nf5 33. Bxd5 Rxd5 34. g4 Nd6 35. Rc2 Rb5 36. b4 a5 37. Rc6 Nf7 38. bxa5 bxa5 39. h4 Nh6 40. hxg5 fxg5 41. Rc5 Rb3 42. Rb5 1-0

[Event "Titled Tuesday intern op 28th Dec"]
[Site "Chess.com INT"]
[Date "2021.12.28"]
[Round "11"]
[White "Havanecz, Bianka"]
[Black "Derraugh, Geordie"]
[Result "0-1"]
[WhiteElo "2229"]
[BlackElo "2209"]
[PlyCount "48"]
[EventDate "2021.12.28"]
[EventType "swiss (blitz)"]
[EventRounds "11"]
[EventCountry "USA"]
[SourceTitle "CBM 206 Extra"]
[Source "ChessBase"]
[SourceDate "2022.03.31"]
[SourceVersion "1"]
[SourceVersionDate "2022.03.31"]
[SourceQuality "1"]

1. d4 Nf6 2. c4 e5 3. dxe5 Ng4 4. Nf3 Bc5 5. e3 Nc6 6. Qd5 Qe7 7. Nc3 Ngxe5 8. Nxe5 Nxe5 9. Be2 O-O 10. O-O d6 11. Qd2 Bg4 12. b3 Qh4 13. Bb2 Rae8 14. Rae1 Bxe2 15. Qxe2 Ng4 16. h3 Nxe3 17. Na4 Qg5 18. g3 Nxf1 19. Qxf1 Qxg3+ 20. Kh1 Bxf2 21. Rd1 Qf3+ 22. Kh2 Re2 23. Bxg7 Bg3+ 24. Kg1 Bh2# 0-1

[Event "Titled Tuesday intern op 28th Dec"]
[Site "Chess.com INT"]
[Date "2021.12.28"]
[Round "11"]
[White "Isanzhulov, Arystan"]
[Black "Le, Tuan Minh"]
[Result "0-1"]
[WhiteElo "2338"]
[BlackElo "2514"]
[PlyCount "66"]
[EventDate "2021.12.28"]
[EventType "swiss (blitz)"]
[EventRounds "11"]
[EventCountry "USA"]
[SourceTitle "CBM 206 Extra"]
[Source "ChessBase"]
[SourceDate "2022.03.31"]
[SourceVersion "1"]
[SourceVersionDate "2022.03.31"]
[SourceQuality "1"]

1. e4 c5 2. d4 cxd4 3. c3 Nf6 4. e5 Nd5 5. Nf3 Nc6 6. Bc4 Nb6 7. Bb3 d5 8. exd6 e6 9. O-O Bxd6 10. cxd4 O-O 11. Nc3 Be7 12. a3 Bf6 13. Be3 Ne7 14. Qd3 Ned5 15. Rad1 Bd7 16. Bc2 g6 17. Bh6 Bg7 18. Bg5 Qc7 19. Ne4 Rac8 20. Nc5 Bc6 21. Rfe1 Nd7 22. Nxd7 Bxd7 23. Bb3 Qb6 24. Bxd5 exd5 25. Ne5 Bf5 26. Qf3 f6 27. Bxf6 Qxf6 28. Qxd5+ Be6 29. Qxb7 Qxf2+ 30. Kh1 Bxe5 31. dxe5 Rb8 32. Qc6 Rb6 33. Qe4 Rxb2 0-1

[Event "Titled Tuesday intern op 28th Dec"]
[Site "Chess.com INT"]
[Date "2021.12.28"]
[Round "11"]
[White "Iskusnyh, Sergei"]
[Black "Sliwicki, Damian"]
[Result "0-1"]
[WhiteElo "2473"]
[BlackElo "2168"]
[PlyCount "78"]
[EventDate "2021.12.28"]
[EventType "swiss (blitz)"]
[EventRounds "11"]
[EventCountry "USA"]
[SourceTitle "CBM 206 Extra"]
[Source "ChessBase"]
[SourceDate "2022.03.31"]
[SourceVersion "1"]
[SourceVersionDate "2022.03.31"]
[SourceQuality "1"]

1. d4 d5 2. c4 e6 3. Nf3 Nf6 4. g3 dxc4 5. Bg2 c5 6. O-O Nc6 7. Na3 cxd4 8. Nxc4 Be7 9. a3 O-O 10. b4 b5 11. Nfe5 Nxe5 12. Nxe5 Nd5 13. Nc6 Qd6 14. Nxe7+ Qxe7 15. Qxd4 Bb7 16. Bb2 Nf6 17. Bxb7 Qxb7 18. Rfd1 h6 19. Rac1 a6 20. Qd6 Rad8 21. Qxd8 Rxd8 22. Rxd8+ Kh7 23. Bxf6 gxf6 24. Rcc8 Qe4 25. Rh8+ Kg6 26. Rcg8+ Kf5 27. Rxh6 Qb1+ 28. Kg2 Qe4+ 29. Kh3 Qxe2 30. f4 Qf3 31. Kh4 e5 32. fxe5 fxe5 33. Rg5+ Ke4 34. Rg4+ Ke3 35. Rxa6 f5 36. Rg8 e4 37. Rc6 Kf2 38. Rc2+ Kg1 39. Rd8 Qg4# 0-1

[Event "Titled Tuesday intern op 28th Dec"]
[Site "Chess.com INT"]
[Date "2021.12.28"]
[Round "11"]
[White "Kamsky, Gata"]
[Black "Visakh, Narayanan Rajeswari"]
[Result "1/2-1/2"]
[WhiteElo "2657"]
[BlackElo "2515"]
[PlyCount "117"]
[EventDate "2021.12.28"]
[EventType "swiss (blitz)"]
[EventRounds "11"]
[EventCountry "USA"]
[SourceTitle "CBM 206 Extra"]
[Source "ChessBase"]
[SourceDate "2022.03.31"]
[SourceVersion "1"]
[SourceVersionDate "2022.03.31"]
[SourceQuality "1"]

1. d4 Nf6 2. Nf3 d5 3. Bf4 e6 4. e3 c5 5. c3 Nc6 6. Nbd2 Bd6 7. Bg3 O-O 8. Bd3 Qe7 9. Ne5 Nd7 10. Nxd7 Qxd7 11. O-O b6 12. Qh5 g6 13. Qh6 Re8 14. Bxd6 Qxd6 15. f4 a5 16. a4 Ba6 17. Bxa6 Rxa6 18. Nf3 Ra7 19. Ne5 f6 20. Nxc6 Qxc6 21. Qh4 Rf7 22. Rf2 Qd7 23. Qg3 Rfe7 24. Qh4 Rf7 25. Qg3 Kg7 26. h4 h5 27. Rd2 Rfe7 28. Qf3 Qc6 29. Kh2 Qb7 30. Rg1 f5 31. Ra1 Rc8 32. Qe2 c4 33. Ra2 b5 34. axb5 Qxb5 35. Qd1 Ra7 36. Qa4 Qxa4 37. Rxa4 Rb8 38. Kg1 Rb5 39. Kf1 Rab7 40. Ra2 Kf6 41. Ke1 Ke7 42. Kd1 Kd6 43. Kc2 Kc6 44. Rd1 Kb6 45. Rda1 Ra7 46. Ra3 Kc6 47. Ra4 Kb6 48. R1a3 Ra6 49. Ra2 Rb3 50. R4a3 Rxa3 51. bxa3 Kb5 52. a4+ Kc6 53. Rb2 Rb6 54. Rxb6+ Kxb6 55. g3 Kc6 56. Kb2 Kb6 57. Kc2 Kc6 58. Kb2 Kb6 59. Kc2 1/2-1/2

[Event "Titled Tuesday intern op 28th Dec"]
[Site "Chess.com INT"]
[Date "2021.12.28"]
[Round "11"]
[White "Khripachenko, Alexander"]
[Black "Paiva, Henrique MA Alberg"]
[Result "1-0"]
[WhiteElo "2288"]
[BlackElo "2064"]
[PlyCount "119"]
[EventDate "2021.12.28"]
[EventType "swiss (blitz)"]
[EventRounds "11"]
[EventCountry "USA"]
[SourceTitle "CBM 206 Extra"]
[Source "ChessBase"]
[SourceDate "2022.03.31"]
[SourceVersion "1"]
[SourceVersionDate "2022.03.31"]
[SourceQuality "1"]

1. e4 c5 2. Nf3 d6 3. d4 cxd4 4. Qxd4 Nf6 5. h3 Bd7 6. Be2 Nc6 7. Qe3 g6 8. O-O Bg7 9. c4 O-O 10. Rd1 a6 11. Nc3 Rc8 12. Rb1 Qc7 13. b3 e6 14. Ba3 Ne8 15. Rbc1 Qa5 16. Bb2 Qc7 17. Ba1 Nf6 18. Bb2 Rfd8 19. Ba3 Ne8 20. Na4 Ne5 21. Nxe5 Bxa4 22. Nxf7 Qxf7 23. bxa4 Qd7 24. c5 Qxa4 25. cxd6 Rxc1 26. Bxc1 Rxd6 27. Rxd6 Nxd6 28. Bg4 Nxe4 29. Bxe6+ Kh8 30. Bb3 Qc6 31. Ba3 b5 32. Qa7 h5 33. Qb8+ Kh7 34. Qd8 Nf6 35. Bb2 b4 36. Qa5 Qe4 37. Qxa6 Qe1+ 38. Qf1 Qe4 39. Qd1 Qf5 40. Bc2 Qf4 41. Bxf6 Bxf6 42. Qxh5+ Kg8 43. Qxg6+ Bg7 44. Qe8+ Bf8 45. Qe6+ Kh8 46. Qg6 Qc1+ 47. Kh2 Qf4+ 48. Qg3 Qf6 49. Qd3 Bd6+ 50. Kg1 Qa1+ 51. Qd1 Qe5 52. g3 Qg5 53. Kg2 Qe5 54. Qd3 Qe7 55. h4 Bc5 56. Qe4 Qf6 57. f4 Qg7 58. Qe8+ Bf8 59. Qh5+ Kg8 60. Bb3+ 1-0

[Event "Titled Tuesday intern op 28th Dec"]
[Site "Chess.com INT"]
[Date "2021.12.28"]
[Round "11"]
[White "Kim, Sergey2"]
[Black "Gelman, Alexander"]
[Result "1-0"]
[WhiteElo "2295"]
[BlackElo "2403"]
[PlyCount "97"]
[EventDate "2021.12.28"]
[EventType "swiss (blitz)"]
[EventRounds "11"]
[EventCountry "USA"]
[SourceTitle "CBM 206 Extra"]
[Source "ChessBase"]
[SourceDate "2022.03.31"]
[SourceVersion "1"]
[SourceVersionDate "2022.03.31"]
[SourceQuality "1"]

1. d4 Nf6 2. c4 c5 3. d5 b5 4. cxb5 a6 5. b6 d6 6. Nc3 Nbd7 7. e4 g6 8. Nf3 Bg7 9. Be2 O-O 10. O-O Rb8 11. a4 Qxb6 12. Nd2 Qc7 13. Nc4 Nb6 14. Ne3 Ne8 15. Ra3 e6 16. a5 Nd7 17. Nc4 Rb4 18. Bf4 Bd4 19. Qd2 Bb7 20. Be3 e5 21. Bh6 Ng7 22. Kh1 Nf6 23. f3 Nfh5 24. g3 Bc8 25. Be3 f5 26. exf5 gxf5 27. Nb6 f4 28. Bxd4 exd4 29. Ne4 Bf5 30. Rg1 Qe7 31. Bd3 fxg3 32. Nxg3 Bxd3 33. Qxd3 Nf4 34. Qe4 Qxe4 35. Nxe4 Rxb2 36. Nxd6 d3 37. Ne4 Nh3 38. Rxd3 Nxg1 39. Kxg1 Nf5 40. Nc4 Nh4 41. Nxb2 Nxf3+ 42. Kg2 Ne1+ 43. Kg3 Nxd3 44. Nxd3 c4 45. Nf4 Rc8 46. Nc3 Rb8 47. d6 Rb3 48. d7 Rxc3+ 49. Kg4 1-0

[Event "Titled Tuesday intern op 28th Dec"]
[Site "Chess.com INT"]
[Date "2021.12.28"]
[Round "11"]
[White "Kiseleva, Arina"]
[Black "Mirza, Diana"]
[Result "1-0"]
[WhiteElo "1962"]
[BlackElo "1898"]
[PlyCount "95"]
[EventDate "2021.12.28"]
[EventType "swiss (blitz)"]
[EventRounds "11"]
[EventCountry "USA"]
[SourceTitle "CBM 206 Extra"]
[Source "ChessBase"]
[SourceDate "2022.03.31"]
[SourceVersion "1"]
[SourceVersionDate "2022.03.31"]
[SourceQuality "1"]

1. d4 d5 2. Nf3 c5 3. e3 cxd4 4. exd4 g6 5. c3 Bg7 6. h3 Nf6 7. Bd3 O-O 8. O-O Nc6 9. Re1 Nd7 10. Bg5 h6 11. Bh4 g5 12. Bg3 f5 13. Be5 Ndxe5 14. Nxe5 Nxe5 15. dxe5 b6 16. Qh5 Bb7 17. Qg6 Qc8 18. Nd2 Qc6 19. e6 Rf6 20. Qh5 Raf8 21. Nb3 Rxe6 22. Nd4 Rxe1+ 23. Rxe1 Qf6 24. Ne6 Rc8 25. Nxg7 Kxg7 26. g4 e5 27. Bxf5 Rf8 28. Rd1 e4 29. c4 d4 30. Rxd4 Rf7 31. Rd2 Qc6 32. Re2 e3 33. f3 Rxf5 34. gxf5 Qf6 35. Qg6+ Qxg6 36. fxg6 Kxg6 37. Rxe3 Kf5 38. Kf2 a5 39. Rc3 Bc6 40. c5 b5 41. a3 Ke5 42. b4 Kd4 43. Rc1 axb4 44. axb4 h5 45. Kg3 Bd5 46. c6 Be6 47. c7 Bc8 48. Rc5 1-0

[Event "Titled Tuesday intern op 28th Dec"]
[Site "Chess.com INT"]
[Date "2021.12.28"]
[Round "11"]
[White "Koridze, Lile"]
[Black "Popadic, Dragan"]
[Result "1/2-1/2"]
[WhiteElo "2001"]
[BlackElo "2143"]
[PlyCount "53"]
[EventDate "2021.12.28"]
[EventType "swiss (blitz)"]
[EventRounds "11"]
[EventCountry "USA"]
[SourceTitle "CBM 206 Extra"]
[Source "ChessBase"]
[SourceDate "2022.03.31"]
[SourceVersion "1"]
[SourceVersionDate "2022.03.31"]
[SourceQuality "1"]

1. d4 Nf6 2. c4 g6 3. Nc3 Bg7 4. e4 d6 5. Nf3 O-O 6. Be2 e5 7. O-O Na6 8. Be3 Ng4 9. Bg5 Qe8 10. h3 f6 11. hxg4 fxg5 12. dxe5 dxe5 13. Nxg5 Qe7 14. Nf3 Bxg4 15. Nd5 Qd8 16. b4 c6 17. b5 Nc5 18. bxc6 bxc6 19. Nc3 Qe7 20. Qc2 Bxf3 21. Bxf3 Rxf3 22. gxf3 Qg5+ 23. Kh2 Qh4+ 24. Kg2 Qg5+ 25. Kh2 Qf4+ 26. Kg2 Qg5+ 27. Kh2 1/2-1/2

[Event "Titled Tuesday intern op 28th Dec"]
[Site "Chess.com INT"]
[Date "2021.12.28"]
[Round "11"]
[White "Kucuksari, Kaan"]
[Black "Arabidze, Meri"]
[Result "0-1"]
[WhiteElo "2337"]
[BlackElo "2413"]
[PlyCount "70"]
[EventDate "2021.12.28"]
[EventType "swiss (blitz)"]
[EventRounds "11"]
[EventCountry "USA"]
[SourceTitle "CBM 206 Extra"]
[Source "ChessBase"]
[SourceDate "2022.03.31"]
[SourceVersion "1"]
[SourceVersionDate "2022.03.31"]
[SourceQuality "1"]

1. d4 Nf6 2. c4 e6 3. g3 d5 4. Nf3 Bb4+ 5. Bd2 Be7 6. Bg2 O-O 7. O-O c6 8. Qc2 b6 9. Bf4 Ba6 10. Ne5 Nfd7 11. b3 Nxe5 12. Bxe5 Nd7 13. Bf4 Rc8 14. Rd1 f5 15. Nc3 Bb7 16. Rac1 Bg5 17. e3 Bxf4 18. exf4 Nf6 19. Re1 Qd7 20. Re5 Ng4 21. Re2 dxc4 22. bxc4 Qxd4 23. Rd1 Qxc4 24. h3 Nf6 25. Bf1 c5 26. Re5 Qb4 27. a3 Qxa3 28. Nb5 Qf3 29. Rdd5 Bxd5 30. Rxd5 Qxd5 31. Bc4 Qd7 32. Qe2 Nd5 33. Qe5 Rcd8 34. Nc3 Rfe8 35. Bb5 Qc7 0-1

[Event "Titled Tuesday intern op 28th Dec"]
[Site "Chess.com INT"]
[Date "2021.12.28"]
[Round "11"]
[White "Loy, Konstantin"]
[Black "Artemenko, Oleg"]
[Result "1-0"]
[WhiteElo "2268"]
[BlackElo "2246"]
[PlyCount "141"]
[EventDate "2021.12.28"]
[EventType "swiss (blitz)"]
[EventRounds "11"]
[EventCountry "USA"]
[SourceTitle "CBM 206 Extra"]
[Source "ChessBase"]
[SourceDate "2022.03.31"]
[SourceVersion "1"]
[SourceVersionDate "2022.03.31"]
[SourceQuality "1"]

1. e4 e6 2. d3 d5 3. Nd2 Nf6 4. Ngf3 c5 5. g3 Nc6 6. Bg2 Be7 7. O-O O-O 8. Re1 b5 9. e5 Nd7 10. Nf1 Ba6 11. h4 b4 12. h5 Rc8 13. h6 g6 14. N1h2 Nd4 15. Bf4 Qb6 16. Bg5 Nxf3+ 17. Nxf3 Bxg5 18. Nxg5 c4 19. d4 c3 20. b3 Bb5 21. Qg4 a5 22. Rad1 a4 23. Qf4 axb3 24. axb3 Ra8 25. Nf3 Ra2 26. Rc1 Qd8 27. Nh2 Qe7 28. Ng4 Rfa8 29. Bh3 Rb2 30. Nf6+ Nxf6 31. exf6 Qf8 32. Rxe6 Bd7 33. Rce1 fxe6 34. Rxe6 Qf7 35. Re7 Bxh3 36. Rxf7 Kxf7 37. Qe5 Be6 38. Qc7+ Kxf6 39. Qg7+ Kg5 40. Qe5+ Bf5 41. Qf4+ Kf6 42. Qe5+ Kf7 43. Qg7+ Ke6 44. Qe5+ Kd7 45. Qg7+ Kc6 46. Qf6+ Kb5 47. Qe5 Ra1+ 48. Kg2 Be4+ 49. Kh3 Rh1+ 50. Kg4 Bf5+ 51. Kf4 Be4 52. Qb8+ Kc6 53. Qc8+ Kd6 54. Qd8+ Ke6 55. Qe8+ Kf6 56. Qe5+ Kf7 57. f3 g5+ 58. Kxg5 Bxf3 59. Qf6+ Ke8 60. Qxf3 Rxc2 61. Qxh1 Rd2 62. Qe1+ Kd7 63. Kf6 Rxd4 64. Qe7+ Kc6 65. Qe8+ Kd6 66. Qb8+ Kc6 67. Qa8+ Kd6 68. Qa6+ Kc5 69. Qa7+ Kc6 70. Qxd4 Kd6 71. Qd3 1-0

[Event "Titled Tuesday intern op 28th Dec"]
[Site "Chess.com INT"]
[Date "2021.12.28"]
[Round "11"]
[White "Marcziter, Dmitrii"]
[Black "Terletsky, Oleg"]
[Result "0-1"]
[WhiteElo "2264"]
[BlackElo "2154"]
[PlyCount "136"]
[EventDate "2021.12.28"]
[EventType "swiss (blitz)"]
[EventRounds "11"]
[EventCountry "USA"]
[SourceTitle "CBM 206 Extra"]
[Source "ChessBase"]
[SourceDate "2022.03.31"]
[SourceVersion "1"]
[SourceVersionDate "2022.03.31"]
[SourceQuality "1"]

1. e4 e5 2. Nf3 Nc6 3. Bc4 Nf6 4. Ng5 d5 5. exd5 Na5 6. Bb5+ c6 7. dxc6 bxc6 8. Bd3 Nd5 9. Ne4 f5 10. Ng3 g6 11. O-O h5 12. Re1 e4 13. f3 Bc5+ 14. Kh1 h4 15. Nf1 h3 16. g3 Nf6 17. fxe4 fxe4 18. Bxe4 Nxe4 19. Rxe4+ Kf7 20. Qf3+ Kg7 21. Qc3+ Qf6 22. Qxf6+ Kxf6 23. d4 Bf5 24. Nc3 Bd6 25. Re2 Rae8 26. Be3 Nc4 27. b3 Na3 28. Rc1 Bb4 29. Nb1 Be4+ 30. Kg1 Bg2 31. Nxa3 Bxa3 32. Rce1 Kf7 33. c3 Be4 34. Bf4 Bd3 35. Rxe8 Rxe8 36. Rxe8 Kxe8 37. Nd2 Bb2 38. d5 cxd5 39. Be5 Kd7 40. Kf2 Ke6 41. Bd4 Bc1 42. Ke3 Be4 43. Ke2 Bf5 44. Nf3 Bg4 45. Be3 Bb2 46. Bd2 Kf5 47. Ke3 Bxf3 48. Kxf3 g5 49. g4+ Kf6 50. Ke3 Ba3 51. Kd4 Bd6 52. Kxd5 Bxh2 53. Be3 Bg3 54. Bg1 h2 55. Bxh2 Bxh2 56. Kc6 Ke5 57. Kb7 Kf4 58. c4 Kxg4 59. c5 Kf5 60. c6 Ke6 61. c7 Bxc7 62. Kxc7 g4 63. b4 g3 64. a4 g2 65. b5 g1=Q 66. a5 Qc5+ 67. Kd8 Qxb5 68. a6 Qd7# 0-1

[Event "Titled Tuesday intern op 28th Dec"]
[Site "Chess.com INT"]
[Date "2021.12.28"]
[Round "11"]
[White "Matthiesen, Martin"]
[Black "Ivanisevic, Ivan"]
[Result "1-0"]
[WhiteElo "2320"]
[BlackElo "2599"]
[PlyCount "55"]
[EventDate "2021.12.28"]
[EventType "swiss (blitz)"]
[EventRounds "11"]
[EventCountry "USA"]
[SourceTitle "CBM 206 Extra"]
[Source "ChessBase"]
[SourceDate "2022.03.31"]
[SourceVersion "1"]
[SourceVersionDate "2022.03.31"]
[SourceQuality "1"]

1. d4 Nf6 2. c4 d6 3. Nf3 Bf5 4. Nc3 h6 5. Qb3 Qc8 6. g3 g5 7. Bg2 Nc6 8. d5 Nd8 9. h4 g4 10. Nd4 Bd7 11. O-O Bg7 12. e4 c5 13. Nf5 Bxf5 14. exf5 Qxf5 15. Re1 Nd7 16. Ne4 Ne5 17. Bf4 O-O 18. Rac1 b6 19. Qe3 Qh5 20. b3 f5 21. Nd2 Ndf7 22. Bf1 Bf6 23. Be2 Ng6 24. Kg2 Bd4 25. Qe6 Nxf4+ 26. gxf4 Qxh4 27. Qxf5 Qxf2+ 28. Kh1 1-0

[Event "Titled Tuesday intern op 28th Dec"]
[Site "Chess.com INT"]
[Date "2021.12.28"]
[Round "11"]
[White "Migot, Tangi"]
[Black "Bazarov, Konstantin"]
[Result "0-1"]
[WhiteElo "2353"]
[BlackElo "2226"]
[PlyCount "60"]
[EventDate "2021.12.28"]
[EventType "swiss (blitz)"]
[EventRounds "11"]
[EventCountry "USA"]
[SourceTitle "CBM 206 Extra"]
[Source "ChessBase"]
[SourceDate "2022.03.31"]
[SourceVersion "1"]
[SourceVersionDate "2022.03.31"]
[SourceQuality "1"]

1. e4 d5 2. exd5 Qxd5 3. Nf3 Bg4 4. Be2 Nc6 5. O-O O-O-O 6. Nc3 Qf5 7. h3 h5 8. d3 Nf6 9. Be3 e5 10. Ng5 Bxe2 11. Qxe2 Rd7 12. Nge4 Be7 13. Nxf6 Bxf6 14. Ne4 Be7 15. a3 g5 16. f3 Qg6 17. b4 f5 18. Nc5 Rdd8 19. b5 Nb8 20. Bf2 Bd6 21. a4 b6 22. Nb3 Rde8 23. a5 e4 24. axb6 axb6 25. dxe4 fxe4 26. Bd4 Rhg8 27. fxe4 Rxe4 28. Qd3 g4 29. Nd2 Rxd4 30. Qxd4 Bc5 0-1